000 00416nam a2200145Ia 4500
008 220217s9999||||xx |||||||||||||| ||und||
020 _a9788175156418
082 _a425 GNE
100 _aGneen, Sharon Weiner and Wolf, Ira K.
_98133
245 0 _aNew GRE
250 _a19th
260 _aGalgotia publications pvt. ltd.
_bNew Delhi
_c2012
300 _aIX, 523p.
_b475
650 _aENGLISH GENERAL BOOKS
_9691
999 _c182824
_d182824